Voltaire : (Registro nro. 326535)
[ vista simple ]
| 000 -ENCABEZADO | |
|---|---|
| Número de control [NR] | 01207nam a22002417a 4500 |
| 005 - FECHA Y HORA DE LA ÚLTIMA TRANSACCIÓN | |
| control field | 20260618104045.0 |
| 008 - DE LONGITUD FIJA DE DATOS DE ELEMENTOS - INFORMACIÓN GENERAL | |
| Elementos de longitud fija [NR] | 260618t2015 |||||||| |||| 00| 0 spa d |
| 040 ## - FUENTE DE CATALOGACION [NR] | |
| Agencia de catalogación original [NR] | CO-BoUCM |
| Idioma de catalogación [NR] | spa |
| Quien Cataloga | Stefania Borbon |
| Quien Clasifica | Stefania Borbon |
| 041 ## - CODIGO DE IDIOMA [R] | |
| Código de idioma para texto/pista de sonido o título separado [R] | Español |
| 100 ## - ASIENTO PRINCIPAL--NOMBRE PERSONAL [NR] | |
| Nombre personal [NR] | Aramayo, Roberto R |
| ID Autoridad | 120694 |
| 245 ## - MENCION DE TITULO [NR] | |
| Título [NR] | Voltaire : |
| Parte restante del título [NR] | la ironía contra el fanatismo / |
| Mención de responsabilidad, etc. [NR] | Roberto R. Aramayo |
| 260 ## - PUBLICACION, DISTRIBUCION, ETC. (PIE DE IMPRENTA) [R] | |
| Lugar de publicación, distribución, etc. [R] | España; |
| Nombre del editor, distribuidor, etc. [R] | Batiscafo, |
| Fecha de publicación, distribución, etc. [R] | 2015 |
| 300 ## - DESCRIPCION FISICA [R] | |
| Extensión [R] | 144 páginas |
| 490 ## - MENCION DE SERIE [R] | |
| Mención de serie [R] | Descubrir la filosofía |
| 520 ## - NOTA DE RESUMEN, ETC. [R] | |
| Nota de sumario, etc. [NR] | Estudio monográfico sobre el pensamiento y vida de Voltaire, enfatizando su lucha intelectual contra el fanatismo, la intolerancia y el dogmatismo a través del uso de la ironía filosófica y el pragmatismo. Analiza tanto su contexto biográfico como sus principales obras de combate, entre ellas el Tratado sobre la tolerancia y Cándido. |
| 600 ## - ASIENTO SECUNDARIO DE MATERIA - NOMBRE PERSONAL [R] | |
| Nombre personal [NR] | Voltaire, |
| Fechas asociadas con el nombre [NR] | 1694-1778 |
| Subdivisión general [R] | Pensamiento político y social |
| 9 (RLIN) | 189760 |
| 650 ## - ASIENTO SECUNDARIO DE MATERIA - TERMINO TEMATICO [R] | |
| Término temático o nombre geográfico como elemento de entrada [NR] | Filosofía francesa |
| Subdivisión cronológica [R] | Siglo XVIII |
| 9 (RLIN) | 189698 |
| 650 ## - ASIENTO SECUNDARIO DE MATERIA - TERMINO TEMATICO [R] | |
| Término temático o nombre geográfico como elemento de entrada [NR] | Tolerancia |
| Subdivisión general [R] | Aspectos religiosos |
| -- | Filosofía |
| 9 (RLIN) | 189761 |
| 650 ## - ASIENTO SECUNDARIO DE MATERIA - TERMINO TEMATICO [R] | |
| Término temático o nombre geográfico como elemento de entrada [NR] | Fanatismo |
| Subdivisión general [R] | Filosofía |
| 9 (RLIN) | 189762 |
| 700 1# - ASIENTO SECUNDARIO - NOMBRE PERSONAL [R] | |
| Nombre personal [NR] | García, Nacho |
| Término de relación [R] | ilustrador |
| 9 (RLIN) | 189642 |
| 942 ## - ELEMENTOS DE ENTRADA AGREGADOS (KOHA) | |
| Sistema de clasificación | DEWEY |
| Tema principal | Filosofía |
| Tipo de ítem principal el descrito en 300a | Libro |
| Edición | 1 |
| Clasificación | 194 |
| Parte restante de la signatura top. | A661v |
| Fecha de último préstamo | Total préstamos | Signatura topográfica | Código de barras | Prestado | Última vez visto | Ejemplar | Costo de reposición | Price effective from | Tipo de ítem | Perdido | Sistema de clasificación | Dañado | No prestable | Tipo de ítem específico | Suprimido | Ubicación habitual | Ubicación actual | Localización | Fecha de creación | Forma de adquisición |
|---|---|---|---|---|---|---|---|---|---|---|---|---|---|---|---|---|---|---|---|---|
| 18/06/2026 | 1 | 194 A661v | 100175433 | 31/12/2026 | 18/06/2026 | Ej.1 | 26000.00 | 18/06/2026 | Libro | DEWEY | Libro | Claustro | Claustro | 2do piso | 18/06/2026 | Donación |